Developing wind power projects : (Record no. 355484)

000 -LEADER
fixed length control field 02073cam a22003854a 4500
001 - CONTROL NUMBER
control field 14354270
003 - CONTROL NUMBER IDENTIFIER
control field Nust- CAS-E
005 - DATE AND TIME OF LATEST TRANSACTION
control field 20180118181403.0
008 - FIXED-LENGTH DATA ELEMENTS--GENERAL INFORMATION
fixed length control field 060426s2007 enka b 001 0 eng
010 ## - LIBRARY OF CONGRESS CONTROL NUMBER
LC control number 2006013771
015 ## - NATIONAL BIBLIOGRAPHY NUMBER
National bibliography number GBA667002
Source bnb
016 7# - NATIONAL BIBLIOGRAPHIC AGENCY CONTROL NUMBER
Record control number 013522858
Source Uk
020 ## - INTERNATIONAL STANDARD BOOK NUMBER
International Standard Book Number 1844072622
020 ## - INTERNATIONAL STANDARD BOOK NUMBER
International Standard Book Number 9781844072620
035 ## - SYSTEM CONTROL NUMBER
System control number (OCoLC)ocm67922192
035 ## - SYSTEM CONTROL NUMBER
System control number (OCoLC)67922192
040 ## - CATALOGING SOURCE
Original cataloging agency DLC
Transcribing agency DLC
Modifying agency BAKER
-- UKM
-- BTCTA
-- YDXCP
-- BWKUK
-- YDX
-- COD
-- MNY
-- DLC
041 1# - LANGUAGE CODE
Language code of text/sound track or separate title eng
Language code of original swe
042 ## - AUTHENTICATION CODE
Authentication code pcc
050 00 - LIBRARY OF CONGRESS CALL NUMBER
Classification number TJ825
Item number .W59 2007
082 00 - DEWEY DECIMAL CLASSIFICATION NUMBER
Classification number 333.92
Edition number 22
Author Mark WIZ 2007
100 1# - MAIN ENTRY--PERSONAL NAME
Personal name Wizelius, Tore,
Dates associated with a name 1947-
240 10 - UNIFORM TITLE
Uniform title Vindkraft.
Language of a work English
245 10 - TITLE STATEMENT
Title Developing wind power projects :
Remainder of title theory and practice /
Statement of responsibility, etc. Tore Wizelius.
260 ## - PUBLICATION, DISTRIBUTION, ETC.
Place of publication, distribution, etc. London ;
-- Sterling, VA :
Name of publisher, distributor, etc. Earthscan,
Date of publication, distribution, etc. 2007.
300 ## - PHYSICAL DESCRIPTION
Extent xiv, 290 p. :
Other physical details ill. ;
Dimensions 24 cm.
500 ## - GENERAL NOTE
General note Translated from the Swedish.
504 ## - BIBLIOGRAPHY, ETC. NOTE
Bibliography, etc. note Includes bibliographical references (p. [277]-280) and index.
505 0# - FORMATTED CONTENTS NOTE
Formatted contents note Pt. I. Introduction to wind power -- 1. Wind power today and in the future -- 2. Historical background -- 3. Development of the modern wind power industry -- Pt. II. Wind energy -- 4. The wind -- 5. The power of wind -- 6. Conversion of wind energy -- Pt. III. Technology -- 7. Types of wind turbine -- 8. The wind turbine rotor -- 9. Nacelle, tower and foundation -- 10. Electrical and control system -- 11. Efficiency and performance -- Pt. IV. Wind power and society -- 12. Wind power policy -- 13. Wind power and the environment -- 14. Wind power planning -- 15. Opinion and acceptance -- 16. Grid connection of wind turbines -- Pt. V. Wind power project development -- 17. Siting of wind turbines -- 18. Economics -- 19. Project development.
650 #0 - SUBJECT ADDED ENTRY--TOPICAL TERM
Topical term or geographic name entry element Wind power.
856 41 - ELECTRONIC LOCATION AND ACCESS
Materials specified Table of contents only
Uniform Resource Identifier <a href="http://www.loc.gov/catdir/toc/ecip0613/2006013771.html">http://www.loc.gov/catdir/toc/ecip0613/2006013771.html</a>
906 ## - LOCAL DATA ELEMENT F, LDF (RLIN)
a 7
b cbc
c orignew
d 1
e ecip
f 20
g y-gencatlg
942 ## - ADDED ENTRY ELEMENTS (KOHA)
Source of classification or shelving scheme
Koha item type Book
Holdings
Withdrawn status Lost status Source of classification or shelving scheme Damaged status Not for loan Collection code Permanent Location Current Location Shelving location Date acquired Source of acquisition Total Checkouts Full call number Barcode Date last seen Cost, replacement price Price effective from Koha item type
            US-Pakistan Center for Advanced Studies in Energy (USPCAS-E) US-Pakistan Center for Advanced Studies in Energy (USPCAS-E) General Stacks 04/11/203 Victoria co   333.92 WIZ 2007 CAS-E0000075 08/29/2014 10233.00 08/29/2014 Book
© 2023 Central Library, National University of Sciences and Technology. All Rights Reserved.